000 00475nam a2200181Ia 4500
005 20260429112108.0
008 260429s9999||||xx |||||||||||||| ||und||
020 _a9780815364085
041 _aEnglish
082 _a307.12
_bFRA
100 _aFratesi, Ugo
245 0 _aRegional policy :
_btheory and practice /
_cUgo Fratesi
250 _a1st ed.
260 _aLondon :
_bRoutledge,
_c2024.
300 _axxvii, 386 p.; pbk
650 _aRegional policy
942 _cTB
999 _c52325
_d52325